Elektronický podpis a jeho aplikace v praxi certifikáty a certifikační autority

Saved in:
Bibliographic Details
Main Author: Budiš, Petr
Format: Book
Language:Czech
Published: Olomouc Nakladatelství ANAG 2008
Series:Edice právo
Subjects:
Tags: Add Tag
No Tags, Be the first to tag this record!

MARC

LEADER 00000nam$a2200000$$$4500
001 0077821
005 20240313132846.8
020 |a 978-80-7263-465-1 
041 0 |a cze 
044 |a CZ 
245 1 0 |a Elektronický podpis a jeho aplikace v praxi  |b certifikáty a certifikační autority  |c Petr Budiš 
264 1 |a Olomouc  |b Nakladatelství ANAG  |c 2008 
300 |a 157 s. 
490 1 |a Edice právo 
830 0 |a Edice právo 
610 2 0 |a podpis elektronický 
610 2 0 |a teória a prax 
610 2 0 |a certifikáty 
610 2 0 |a legislatíva 
610 2 0 |a komunikácia elektronická 
610 2 0 |a bezpečnosť 
100 1 |a Budiš, Petr